| 000 | 00608nam a22001817a 4500 | ||
|---|---|---|---|
| 005 | 20251108171755.0 | ||
| 008 | 250721s9999 xx 000 0 ara d | ||
| 082 | 1 | 4 | _a372.2/محم |
| 100 | 1 | _aشعلان، محمد سليمان | |
| 245 | 1 | 0 | _aمفاهيم و إتجاهات حديثة في تعليم أطفال المدرسة الإبتدائية / |
| 264 | 1 |
_aالقاهرة : _bمكتبة غريب، |
|
| 300 | _a132ص | ||
| 650 | 1 | 7 | _aالتعليم الإبتدائي |
| 700 | 1 | _aجاد الله، سعاد | |
| 700 | 1 | _aزيدان، محمد مصطفى | |
| 942 |
_2ddc _cBK |
||
| 999 |
_c62187 _d62187 |
||